MOBILE COMMUNICATIONS (Record no. 23120)

000 -LEADER
fixed length control field 00310nam a22001337a 4500
003 - CONTROL NUMBER IDENTIFIER
control field Nust
005 - DATE AND TIME OF LATEST TRANSACTION
control field 20170519124842.0
008 - FIXED-LENGTH DATA ELEMENTS--GENERAL INFORMATION
fixed length control field 140127b xxu||||| |||| 00| 0 eng d
020 ## - INTERNATIONAL STANDARD BOOK NUMBER
International Standard Book Number 8129703505
040 ## - CATALOGING SOURCE
Original cataloging agency DLC
Language of cataloging DLC
Transcribing agency RCMS
082 ## - DEWEY DECIMAL CLASSIFICATION NUMBER
Classification number 621.382 SCH
100 ## - MAIN ENTRY--PERSONAL NAME
Personal name JOCHEN SCHILLER
9 (RLIN) 730
245 ## - TITLE STATEMENT
Title MOBILE COMMUNICATIONS
250 ## - EDITION STATEMENT
Edition statement 2nd,ed.
260 ## - PUBLICATION, DISTRIBUTION, ETC.
Place of publication, distribution, etc. INDIA
Name of publisher, distributor, etc. PEARSON
Date of publication, distribution, etc. c2003
300 ## - PHYSICAL DESCRIPTION
Extent xx,512,p:
Other physical details ill:
Dimensions 26,cm.
538 ## - SYSTEM DETAILS NOTE
Display text Shelf # 12, Row # 1, System Engineering.
650 ## - SUBJECT ADDED ENTRY--TOPICAL TERM
Topical term or geographic name entry element Computers / Data Transmission Systems
9 (RLIN) 731
856 ## - ELECTRONIC LOCATION AND ACCESS
Materials specified Table of Content Only
942 ## - ADDED ENTRY ELEMENTS (KOHA)
Koha item type Book
Source of classification or shelving scheme
Holdings
Withdrawn status Lost status Source of classification or shelving scheme Damaged status Not for loan Permanent Location Current Location Shelving location Date acquired Total Checkouts Full call number Barcode Date last seen Price effective from Koha item type
          NUST Baluchistan Campus (NBC) NUST Baluchistan Campus (NBC) General Stacks 01/27/2014   621.382SCH RCMS000325 01/27/2014 01/27/2014 Book
          NUST Baluchistan Campus (NBC) NUST Baluchistan Campus (NBC) General Stacks 01/28/2014   621.382SCH RCMS000448 01/28/2014 01/28/2014 Book
          School of Interdisciplinary Engineering and Sciences (SINES) School of Interdisciplinary Engineering and Sciences (SINES) General Stacks 01/27/2014   621.382SCH RCMS000324 01/27/2014 01/27/2014 Book
© 2023 Central Library, National University of Sciences and Technology. All Rights Reserved.